| 000 | 00782nam a22001935i 4500 | ||
|---|---|---|---|
| 001 | 156309 | ||
| 003 | ES-MaACL | ||
| 005 | 20250821063054.0 | ||
| 008 | 000713s1516 sz |||| | lat d | ||
| 040 |
_aEXT _bspa _cEXT |
||
| 100 | 0 |
_aJerónimo, _cSanto _966343 |
|
| 245 | 1 | 0 |
_aOctauus tomus Commentarios in Psalterium habet _b: accessit his Psalterium triplici lingua hebraica, graeca, et latina. |
| 260 |
_a[S.l. : _bs.n., _cs.a.] |
||
| 300 |
_a104 h. ; _c37 cm. |
||
| 596 | _aLugar y fecha de cabecera tomados del v. de port.: "Basileae, 1516" | ||
| 597 | _aSign.: 3a-3q6, 3r8. | ||
| 852 |
_aES-MaACL _jR-1526(1) _z-- Enc. piel grab. con hierros _z-- Anot. ms. del expurgo de 1583, por fray Fernando de Cordoba _x Olim:G-2195-2200 |
||
| 999 |
_c156309 _d156309 |
||